| 000 | 00712nam a2200229 a 4500 | ||
|---|---|---|---|
| 005 | 20210223130637.0 | ||
| 008 | 080925s1979 mx r 000 0 spa d | ||
| 035 | _aUPN01000160947 | ||
| 049 | _aUNE | ||
| 080 | _a37.018.3 :371.71/ .78 =20ARI No.19. | ||
| 100 | 1 | _aAriyadasa, K.D. | |
| 245 | 1 | 0 |
_aSchools and primary health care : _ba resource document / _cK.D. Ariyadasa. |
| 260 |
_aParís : _bUNESCO : _bUNICEF _c1979. |
||
| 300 | _a25 p. | ||
| 440 | 0 |
_aNotes, comments ... ; _v19 |
|
| 690 | _aEducación - Salud - Derechos del niño | ||
| 690 | _aSalud - Educación - Derechos del niño | ||
| 690 | _aInfancia - Salud - Educación | ||
| 710 | 2 |
_aUNICEF _924085 |
|
| 710 | 2 | _aUNESCO | |
| 905 | _aUNESCO | ||
| 999 |
_c133060 _d133060 |
||